00893cam a2200277 a 450000100090000000300040000900500170001300800410003001000170007102000180008802000420010602000250014804000180017304200080019105000200019908200170021910000300023624500900026626000480035630000340040450400660043865000260050465000360053070000220056670000270058816073859OSt20230902115200.0100128s2010 enka b 001 0 eng  a 2010002733 a9780367488567 a9780415450393 (hardback : alk. paper) a9780415450386 (pbk.) aDLCcDLCdDLC apcc00aHD77b.T77 201000a338.9bTRI/E1 aTribe, Michael A.,d1943-10aEconomics and development studies /cMichael Tribe, Frederick Nixon, and Andy Sumner. aLondon ;aNew York, NY :bRoutledge,c2010. axxi, 288 p. :bill. ;c24 cm. aIncludes bibliographical references (p. [243]-269) and index. 0aEconomic development. 0aEconomic developmentxResearch.1 aNixon, Frederick.1 aSumner, Andrew,d1973-